[Event "Mittelrhein Regionalliga 15/16"]
[Site "Nordrheinwestfalen"]
[Date "2016.02.21"]
[Round "7.6"]
[White "Albrecht, Oliver"]
[Black "Pislaru, Adrian Maximilian"]
[Result "1-0"]
[WhiteElo "2056"]
[BlackElo "1775"]
[PlyCount "89"]
[EventDate "2015.09.27"]
[EventType "team-tourn"]
[EventRounds "9"]
[EventCountry "GER"]
[SourceTitle "EXT 2022"]
[Source "ChessBase"]
[SourceDate "2021.10.06"]
[SourceVersion "1"]
[SourceVersionDate "2021.10.06"]
[SourceQuality "1"]
[WhiteTeam "Bonn Beuel"]
[BlackTeam "Porz SG III"]
[WhiteTeamCountry "GER"]
[BlackTeamCountry "GER"]

1. d4 Nf6 2. c4 c5 3. e3 e6 4. Nc3 d5 5. Nf3 Nbd7 6. a3 a6 7. cxd5 exd5 8. Be2 g6 9. dxc5 Nxc5 10. b4 Nce4 11. Nxe4 Nxe4 12. Bb2 f6 13. 0-0 Bg7 14. Qb3 0-0 15. Rfd1 Be6 16. Nd4 Bf7 17. Bf3 f5 18. g3 Qe7 19. Rd3 Rac8 20. Rad1 Rfd8 21. Qa2 b5 22. Qa1 Qf8 23. Rc1 Rc4 24. Rdd1 Rdc8 25. Be2 R4c7 26. Rxc7 Rxc7 27. Rc1 Qc8 28. Rxc7 Qxc7 29. Bd3 Qc8 30. Nb3 Bxb2 31. Qxb2 Qa8 32. Qd4 Ng5 33. Be2 Qc6 34. Nc5 Ne6 35. Qf6 Qd6 36. Bf3 a5 37. Nb7 Qc6 38. Nxa5 Qc1+ 39. Kg2 d4 40. exd4 Qxa3 41. d5 Nc7 42. d6 Ne6 43. Nc6 Ng7 44. Qd8+ Ne8 45. d7 1-0

[Event "Rheinland Pfalz op 4th"]
[Site "Altenkirchen"]
[Date "2012.06.08"]
[Round "4"]
[White "Schaefer, Wolfgang"]
[Black "Pislaru, Adrian Maximilian"]
[Result "1-0"]
[WhiteElo "1654"]
[BlackElo "1022"]
[PlyCount "71"]
[EventDate "2012.06.07"]
[EventType "swiss"]
[EventRounds "7"]
[EventCountry "GER"]
[SourceTitle "CBM 148 Extra"]
[Source "ChessBase"]
[SourceDate "2012.06.22"]
[SourceVersion "1"]
[SourceVersionDate "2012.06.22"]
[SourceQuality "1"]

1. e4 e6 2. Nf3 d5 3. exd5 exd5 4. d4 Nc6 5. Be2 Nf6 6. 0-0 Bd6 7. Bg5 h6 8. Bd2 Ne4 9. c4 Nxd2 10. Qxd2 Bb4 11. Nc3 Bxc3 12. Qxc3 dxc4 13. Bxc4 0-0 14. Rfe1 Bg4 15. d5 Bxf3 16. Qxf3 Na5 17. Bd3 b6 18. Rac1 Re8 19. Rxe8+ Qxe8 20. Qf5 g6 21. Qf4 h5 22. Qxc7 Qb8 23. Qe7 Qd8 24. d6 Rb8 25. Rc7 Qxe7 26. dxe7 Re8 27. Bb5 Rb8 28. Bd7 f6 29. Be6+ Kg7 30. e8Q+ Kh6 31. Qxb8 g5 32. f4 Nc6 33. Rxc6 gxf4 34. Qxf4+ Kg7 35. Rc7+ Kh8 36. Qh6# 1-0

[Event "Bad Godesberg op 15th"]
[Site "Bad Godesberg"]
[Date "2011.07.26"]
[Round "4"]
[White "Schardt, Till"]
[Black "Pislaru, Adrian Maximilian"]
[Result "1-0"]
[WhiteElo "1323"]
[BlackElo "881"]
[PlyCount "85"]
[EventDate "2011.07.23"]
[EventType "swiss"]
[EventRounds "9"]
[EventCountry "GER"]
[SourceTitle "EXT 2017"]
[Source "ChessBase"]
[SourceDate "2016.10.25"]
[SourceVersion "1"]
[SourceVersionDate "2016.10.25"]
[SourceQuality "1"]

1. e4 e6 2. d4 d5 3. exd5 exd5 4. Nf3 Be6 5. Nc3 Nf6 6. Bd3 Bb4 7. 0-0 0-0 8. a3 Bxc3 9. bxc3 Re8 10. Rb1 Qc8 11. Re1 Nc6 12. Bb5 a6 13. Bxc6 bxc6 14. Ne5 Bd7 15. Qf3 Rb8 16. Bg5 Qd8 17. Nxd7 Qxd7 18. Bxf6 Rxb1 19. Rxb1 gxf6 20. Qxf6 Re6 21. Rb8+ Re8 22. Rxe8+ Qxe8 23. Qe5 Qxe5 24. dxe5 Kg7 25. f4 Kg6 26. Kf2 Kf5 27. Kf3 h5 28. g3 f6 29. exf6 Kxf6 30. g4 hxg4+ 31. Kxg4 a5 32. a4 c5 33. h4 Kg6 34. f5+ Kg7 35. Kf4 c6 36. Ke5 c4 37. Ke6 c5 38. Ke7 d4 39. f6+ Kg8 40. f7+ Kg7 41. f8Q+ Kh7 42. Kf7 dxc3 43. Qg7# 1-0